Super Smash Bros. Characters by Mario Emblem - Statistics

General Stats
  • This quiz has been taken 202 times
  • The average score is 6 of 8
Answer Stats
Picture Answer % Correct
Sonic
100%
Pac-Man
94%
Mii
93%
Link
91%
Inkling
80%
Villager
78%
R.O.B.
50%
Isabelle
49%
No matching quizzes found
Score Distribution
Percent of People with Each Score
Percentile by Number Answered
Your Score History
You have not taken this quiz